Contouring variation affects estimates of normal tissue complication probability for breast fibrosis after radiotherapy
Background - Normal tissue complication probability (NTCP) models can be useful to estimate the risk of fibrosis after breast-conserving surgery (BCS) and radiotherapy (RT) to the breast. However, they are subject to uncertainties. We present the impact of contouring variation on the prediction of f...
Saved in:
| Main Authors: | , , , , , , , , , , , , , , , , , , , , , , , , |
|---|---|
| Format: | Article (Journal) |
| Language: | English |
| Published: |
December 2023
|
| In: |
The breast
Year: 2023, Volume: 72, Pages: 1-9 |
| ISSN: | 1532-3080 |
| DOI: | 10.1016/j.breast.2023.103578 |
| Online Access: | Verlag, kostenfrei, Volltext: https://doi.org/10.1016/j.breast.2023.103578 Verlag, kostenfrei, Volltext: https://www.sciencedirect.com/science/article/pii/S0960977623005520 |
| Author Notes: | Tanwiwat Jaikuna, Eliana Vasquez Osorio, David Azria, Jenny Chang-Claude, Maria Carmen De Santis, Sara Gutiérrez-Enríquez, Marcel van Herk, Peter Hoskin, Maarten Lambrecht, Zoe Lingard, Petra Seibold, Alejandro Seoane, Elena Sperk, R Paul Symonds, Christopher J. Talbot, Tiziana Rancati, Tim Rattay, Victoria Reyes, Barry S. Rosenstein, Dirk de Ruysscher, Ana Vega, Liv Veldeman, Adam Webb, Catharine M.L. West, Marianne C. Aznar |
MARC
| LEADER | 00000caa a2200000 c 4500 | ||
|---|---|---|---|
| 001 | 1892423944 | ||
| 003 | DE-627 | ||
| 005 | 20241205145122.0 | ||
| 007 | cr uuu---uuuuu | ||
| 008 | 240628s2023 xx |||||o 00| ||eng c | ||
| 024 | 7 | |a 10.1016/j.breast.2023.103578 |2 doi | |
| 035 | |a (DE-627)1892423944 | ||
| 035 | |a (DE-599)KXP1892423944 | ||
| 035 | |a (OCoLC)1475300944 | ||
| 040 | |a DE-627 |b ger |c DE-627 |e rda | ||
| 041 | |a eng | ||
| 084 | |a 33 |2 sdnb | ||
| 100 | 1 | |a Jaikuna, Tanwiwat |e VerfasserIn |0 (DE-588)1334314845 |0 (DE-627)1892424444 |4 aut | |
| 245 | 1 | 0 | |a Contouring variation affects estimates of normal tissue complication probability for breast fibrosis after radiotherapy |c Tanwiwat Jaikuna, Eliana Vasquez Osorio, David Azria, Jenny Chang-Claude, Maria Carmen De Santis, Sara Gutiérrez-Enríquez, Marcel van Herk, Peter Hoskin, Maarten Lambrecht, Zoe Lingard, Petra Seibold, Alejandro Seoane, Elena Sperk, R Paul Symonds, Christopher J. Talbot, Tiziana Rancati, Tim Rattay, Victoria Reyes, Barry S. Rosenstein, Dirk de Ruysscher, Ana Vega, Liv Veldeman, Adam Webb, Catharine M.L. West, Marianne C. Aznar |
| 264 | 1 | |c December 2023 | |
| 300 | |b Illustrationen | ||
| 300 | |a 9 | ||
| 336 | |a Text |b txt |2 rdacontent | ||
| 337 | |a Computermedien |b c |2 rdamedia | ||
| 338 | |a Online-Ressource |b cr |2 rdacarrier | ||
| 500 | |a Online verfügbar: 11. September 2023, Artikelversion: 13. September 2023 | ||
| 500 | |a Gesehen am 28.06.2024 | ||
| 520 | |a Background - Normal tissue complication probability (NTCP) models can be useful to estimate the risk of fibrosis after breast-conserving surgery (BCS) and radiotherapy (RT) to the breast. However, they are subject to uncertainties. We present the impact of contouring variation on the prediction of fibrosis. - Materials and methods - 280 breast cancer patients treated BCS-RT were included. Nine Clinical Target Volume (CTV) contours were created for each patient: i) CTV_crop (reference), cropped 5 mm from the skin and ii) CTV_skin, uncropped and including the skin, iii) segmenting the 95% isodose (Iso95%) and iv) 3 different auto-contouring atlases generating uncropped and cropped contours (Atlas_skin/Atlas_crop). To illustrate the impact of contour variation on NTCP estimates, we applied two equations predicting fibrosis grade ≥ 2 at 5 years, based on Lyman-Kutcher-Burman (LKB) and Relative Seriality (RS) models, respectively, to each contour. Differences were evaluated using repeated-measures ANOVA. For completeness, the association between observed fibrosis events and NTCP estimates was also evaluated using logistic regression. - Results - There were minimal differences between contours when the same contouring approach was followed (cropped and uncropped). CTV_skin and Atlas_skin contours had lower NTCP estimates (−3.92%, IQR 4.00, p < 0.05) compared to CTV_crop. No significant difference was observed for Atlas_crop and Iso95% contours compared to CTV_crop. For the whole cohort, NTCP estimates varied between 5.3% and 49.5% (LKB) or 2.2% and 49.6% (RS) depending on the choice of contours. NTCP estimates for individual patients varied by up to a factor of 4. Estimates from “skin” contours showed higher agreement with observed events. - Conclusion - Contour variations can lead to significantly different NTCP estimates for breast fibrosis, highlighting the importance of standardising breast contours before developing and/or applying NTCP models. | ||
| 650 | 4 | |a Breast cancer | |
| 650 | 4 | |a Fibrosis | |
| 650 | 4 | |a Inter-observer variation | |
| 650 | 4 | |a Late effects | |
| 650 | 4 | |a NTCP modelling | |
| 650 | 4 | |a Radiotherapy | |
| 700 | 1 | |a Osorio, Eliana Vasquez |e VerfasserIn |4 aut | |
| 700 | 1 | |a Azria, David |e VerfasserIn |4 aut | |
| 700 | 1 | |a Chang-Claude, Jenny |e VerfasserIn |0 (DE-588)1049304993 |0 (DE-627)781626188 |0 (DE-576)168344475 |4 aut | |
| 700 | 1 | |a De Santis, Maria Carmen |e VerfasserIn |4 aut | |
| 700 | 1 | |a Gutiérrez-Enríquez, Sara |e VerfasserIn |4 aut | |
| 700 | 1 | |a van Herk, Marcel |e VerfasserIn |4 aut | |
| 700 | 1 | |a Hoskin, Peter |e VerfasserIn |4 aut | |
| 700 | 1 | |a Lambrecht, Maarten |e VerfasserIn |4 aut | |
| 700 | 1 | |a Lingard, Zoe |e VerfasserIn |4 aut | |
| 700 | 1 | |a Seibold, Petra |e VerfasserIn |4 aut | |
| 700 | 1 | |a Seoane, Alejandro |e VerfasserIn |4 aut | |
| 700 | 1 | |a Sperk, Elena |d 1983- |e VerfasserIn |0 (DE-588)141654252 |0 (DE-627)630406650 |0 (DE-576)325031231 |4 aut | |
| 700 | 1 | |a Symonds, R Paul |e VerfasserIn |4 aut | |
| 700 | 1 | |a Talbot, Christopher J. |e VerfasserIn |4 aut | |
| 700 | 1 | |a Rancati, Tiziana |e VerfasserIn |4 aut | |
| 700 | 1 | |a Rattay, Tim |e VerfasserIn |4 aut | |
| 700 | 1 | |a Reyes, Victoria |e VerfasserIn |4 aut | |
| 700 | 1 | |a Rosenstein, Barry S. |e VerfasserIn |4 aut | |
| 700 | 1 | |a de Ruysscher, Dirk |e VerfasserIn |4 aut | |
| 700 | 1 | |a Vega, Ana |e VerfasserIn |4 aut | |
| 700 | 1 | |a Veldeman, Liv |e VerfasserIn |4 aut | |
| 700 | 1 | |a Webb, Adam |e VerfasserIn |4 aut | |
| 700 | 1 | |a West, Catharine M. L. |e VerfasserIn |4 aut | |
| 700 | 1 | |a Aznar, Marianne C. |e VerfasserIn |4 aut | |
| 773 | 0 | 8 | |i Enthalten in |t The breast |d Amsterdam [u.a.] : Elsevier, 1992 |g 72(2023) vom: Dez., Artikel-ID 103578, Seite 1-9 |h Online-Ressource |w (DE-627)320475042 |w (DE-600)2009043-2 |w (DE-576)103868151 |x 1532-3080 |7 nnas |a Contouring variation affects estimates of normal tissue complication probability for breast fibrosis after radiotherapy |
| 773 | 1 | 8 | |g volume:72 |g year:2023 |g month:12 |g elocationid:103578 |g pages:1-9 |g extent:9 |a Contouring variation affects estimates of normal tissue complication probability for breast fibrosis after radiotherapy |
| 856 | 4 | 0 | |u https://doi.org/10.1016/j.breast.2023.103578 |x Verlag |x Resolving-System |z kostenfrei |3 Volltext |
| 856 | 4 | 0 | |u https://www.sciencedirect.com/science/article/pii/S0960977623005520 |x Verlag |z kostenfrei |3 Volltext |
| 951 | |a AR | ||
| 992 | |a 20240628 | ||
| 993 | |a Article | ||
| 994 | |a 2023 | ||
| 998 | |g 141654252 |a Sperk, Elena |m 141654252:Sperk, Elena |d 60000 |d 63000 |d 60000 |e 60000PS141654252 |e 63000PS141654252 |e 60000PS141654252 |k 0/60000/ |k 1/60000/63000/ |k 0/60000/ |p 13 | ||
| 998 | |g 1049304993 |a Chang-Claude, Jenny |m 1049304993:Chang-Claude, Jenny |d 50000 |e 50000PC1049304993 |k 0/50000/ |p 4 | ||
| 999 | |a KXP-PPN1892423944 |e 4543065654 | ||
| BIB | |a Y | ||
| SER | |a journal | ||
| JSO | |a {"note":["Online verfügbar: 11. September 2023, Artikelversion: 13. September 2023","Gesehen am 28.06.2024"],"recId":"1892423944","type":{"bibl":"article-journal","media":"Online-Ressource"},"physDesc":[{"extent":"9 S.","noteIll":"Illustrationen"}],"id":{"eki":["1892423944"],"doi":["10.1016/j.breast.2023.103578"]},"name":{"displayForm":["Tanwiwat Jaikuna, Eliana Vasquez Osorio, David Azria, Jenny Chang-Claude, Maria Carmen De Santis, Sara Gutiérrez-Enríquez, Marcel van Herk, Peter Hoskin, Maarten Lambrecht, Zoe Lingard, Petra Seibold, Alejandro Seoane, Elena Sperk, R Paul Symonds, Christopher J. Talbot, Tiziana Rancati, Tim Rattay, Victoria Reyes, Barry S. Rosenstein, Dirk de Ruysscher, Ana Vega, Liv Veldeman, Adam Webb, Catharine M.L. West, Marianne C. Aznar"]},"title":[{"title":"Contouring variation affects estimates of normal tissue complication probability for breast fibrosis after radiotherapy","title_sort":"Contouring variation affects estimates of normal tissue complication probability for breast fibrosis after radiotherapy"}],"language":["eng"],"relHost":[{"id":{"issn":["1532-3080"],"zdb":["2009043-2"],"eki":["320475042"]},"title":[{"title_sort":"breast","title":"The breast"}],"part":{"volume":"72","extent":"9","text":"72(2023) vom: Dez., Artikel-ID 103578, Seite 1-9","pages":"1-9","year":"2023"},"physDesc":[{"extent":"Online-Ressource"}],"type":{"media":"Online-Ressource","bibl":"periodical"},"recId":"320475042","note":["Gesehen am 27.04.2020","Fortsetzung der Druck-Ausgabe"],"origin":[{"dateIssuedKey":"1992","publisherPlace":"Amsterdam [u.a.] ; Burlington, Mass.","dateIssuedDisp":"1992-","publisher":"Elsevier ; Harcourt"}],"pubHistory":["1.1992 -"],"language":["eng"],"disp":"Contouring variation affects estimates of normal tissue complication probability for breast fibrosis after radiotherapyThe breast"}],"person":[{"given":"Tanwiwat","role":"aut","family":"Jaikuna","display":"Jaikuna, Tanwiwat"},{"given":"Eliana Vasquez","role":"aut","display":"Osorio, Eliana Vasquez","family":"Osorio"},{"given":"David","display":"Azria, David","family":"Azria","role":"aut"},{"family":"Chang-Claude","display":"Chang-Claude, Jenny","role":"aut","given":"Jenny"},{"family":"De Santis","display":"De Santis, Maria Carmen","role":"aut","given":"Maria Carmen"},{"role":"aut","family":"Gutiérrez-Enríquez","display":"Gutiérrez-Enríquez, Sara","given":"Sara"},{"role":"aut","family":"van Herk","display":"van Herk, Marcel","given":"Marcel"},{"family":"Hoskin","display":"Hoskin, Peter","role":"aut","given":"Peter"},{"family":"Lambrecht","display":"Lambrecht, Maarten","role":"aut","given":"Maarten"},{"display":"Lingard, Zoe","family":"Lingard","role":"aut","given":"Zoe"},{"given":"Petra","role":"aut","family":"Seibold","display":"Seibold, Petra"},{"given":"Alejandro","role":"aut","display":"Seoane, Alejandro","family":"Seoane"},{"given":"Elena","family":"Sperk","display":"Sperk, Elena","role":"aut"},{"family":"Symonds","display":"Symonds, R Paul","role":"aut","given":"R Paul"},{"given":"Christopher J.","role":"aut","family":"Talbot","display":"Talbot, Christopher J."},{"role":"aut","family":"Rancati","display":"Rancati, Tiziana","given":"Tiziana"},{"role":"aut","display":"Rattay, Tim","family":"Rattay","given":"Tim"},{"given":"Victoria","role":"aut","display":"Reyes, Victoria","family":"Reyes"},{"role":"aut","family":"Rosenstein","display":"Rosenstein, Barry S.","given":"Barry S."},{"role":"aut","family":"de Ruysscher","display":"de Ruysscher, Dirk","given":"Dirk"},{"role":"aut","family":"Vega","display":"Vega, Ana","given":"Ana"},{"given":"Liv","role":"aut","display":"Veldeman, Liv","family":"Veldeman"},{"given":"Adam","family":"Webb","display":"Webb, Adam","role":"aut"},{"given":"Catharine M. L.","role":"aut","family":"West","display":"West, Catharine M. L."},{"given":"Marianne C.","role":"aut","family":"Aznar","display":"Aznar, Marianne C."}],"origin":[{"dateIssuedKey":"2023","dateIssuedDisp":"December 2023"}]} | ||
| SRT | |a JAIKUNATANCONTOURING2023 | ||